000 00317nam a2200133 i 4500
001 bg
100 1 _aUNIECHOWSKA, Felicja
245 0 _aMoje hobby to mieszkanie /
_cFelicja Uniechowska.
260 _aWarszawa,
_c1978.
040 _cBPK
041 _apol
942 _cKS
008 s pl f |000 0 pol
999 _c17976
_d17976
856 _uhttp://koha.tu.koszalin.pl/cgi-bin/koha/opac-detail.pl?biblionumber=17976
_yKatalog online BPK